| 000 | 00940cam a2200337 4500500 | ||
|---|---|---|---|
| 005 | 20260405003712.0 | ||
| 041 | _afre | ||
| 042 | _adc | ||
| 100 | 1 | 0 |
_aSorente, Isabelle _eauthor |
| 245 | 0 | 0 | _aIl faut qu’on parle ! Le langage résout-il les conflits ? |
| 260 | _c2023. | ||
| 500 | _a90 | ||
| 690 | _aArgumentation | ||
| 690 | _aCommunication | ||
| 690 | _aConflit | ||
| 690 | _aConsensus | ||
| 690 | _aDialogue | ||
| 690 | _aDiplomatie | ||
| 690 | _aDiscorde | ||
| 690 | _aElsa Godart | ||
| 690 | _aEmmanuel Bonne | ||
| 690 | _aFrançois Cusset | ||
| 690 | _aGérald Garutti | ||
| 690 | _aNathalie Heinich | ||
| 690 | _aNégociation | ||
| 690 | _aParole | ||
| 690 | _aRelations | ||
| 690 | _aViolence | ||
| 786 | 0 | _nPhilosophie magazine | 170 | 6 | 2023-06-01 | p. 19-19 | 1951-1787 | |
| 856 | 4 | 1 | _uhttps://shs.cairn.info/magazine-philosophie-magazine-2023-6-page-19?lang=fr&redirect-ssocas=7080 |
| 999 |
_c2070011 _d2070011 |
||